Разработка лингвистического обеспечения информационных систем на основе онтологических моделей знаний; Известия Томского политехнического университета [Известия ТПУ]; Т. 322, № 5 : Управление, вычислительная техника и информатика
| Parent link: | Известия Томского политехнического университета [Известия ТПУ]/ Томский политехнический университет (ТПУ).— , 2000- Т. 322, № 5 : Управление, вычислительная техника и информатика.— 2013.— [С. 143-147] |
|---|---|
| Autor principal: | |
| Sumari: | Заглавие с титульного листа Электронная версия печатной публикации Описывается онтологическая модель знаний, ориентированная на автоматический анализ текстов в ограниченной предметной области. Рассматриваются лингвистические ресурсы и инструменты, необходимые для разработки лингвистического обеспечения информационных систем. |
| Idioma: | rus |
| Publicat: |
2013
|
| Col·lecció: | Интеллектуальные системы |
| Matèries: | |
| Accés en línia: | http://earchive.tpu.ru/bitstream/11683/4820/1/bulletin_tpu-2013-322-5-29.pdf |
| Format: | Electrònic Capítol de llibre |
| KOHA link: | https://koha.lib.tpu.ru/cgi-bin/koha/opac-detail.pl?biblionumber=240465 |
MARC
| LEADER | 00000nla2a2200000 4500 | ||
|---|---|---|---|
| 001 | 240465 | ||
| 005 | 20231031205705.0 | ||
| 035 | |a (RuTPU)RU\TPU\book\261722 | ||
| 035 | |a RU\TPU\book\261721 | ||
| 090 | |a 240465 | ||
| 100 | |a 20130621d2013 k y0rusy50 ca | ||
| 101 | 0 | |a rus | |
| 102 | |a RU | ||
| 135 | |a drnn ---uucaa | ||
| 181 | 0 | |a i | |
| 182 | 0 | |a b | |
| 200 | 1 | |a Разработка лингвистического обеспечения информационных систем на основе онтологических моделей знаний |b Электронный ресурс |f Е. А. Сидорова | |
| 203 | |a Текст |c электронный | ||
| 215 | |a 1 файл (318 Кб) | ||
| 225 | 1 | |a Интеллектуальные системы | |
| 230 | |a Электронные текстовые данные (1 файл : 318 Кб) | ||
| 300 | |a Заглавие с титульного листа | ||
| 300 | |a Электронная версия печатной публикации | ||
| 320 | |a [Библиогр.: с. 147 (15 назв.)] | ||
| 330 | |a Описывается онтологическая модель знаний, ориентированная на автоматический анализ текстов в ограниченной предметной области. Рассматриваются лингвистические ресурсы и инструменты, необходимые для разработки лингвистического обеспечения информационных систем. | ||
| 337 | |a Adobe Reader | ||
| 461 | 1 | |0 (RuTPU)RU\TPU\book\176237 |t Известия Томского политехнического университета [Известия ТПУ] |f Томский политехнический университет (ТПУ) |d 2000- | |
| 463 | 1 | |0 (RuTPU)RU\TPU\book\261554 |x 1684-8519 |t Т. 322, № 5 : Управление, вычислительная техника и информатика |v [С. 143-147] |d 2013 |p 227 с. | |
| 610 | 1 | |a компьютерная лингвистика | |
| 610 | 1 | |a онтология предметной области | |
| 610 | 1 | |a лингвистическая онтология | |
| 610 | 1 | |a тезаурусы | |
| 610 | 1 | |a лингвистические ресурсы | |
| 610 | 1 | |a тексты | |
| 610 | 1 | |a анализ | |
| 610 | 1 | |a электронный ресурс | |
| 700 | 1 | |a Сидорова |b Е. А. |g Елена Анатольевна | |
| 801 | 1 | |a RU |b 63413507 |c 20090623 |g PSBO | |
| 801 | 2 | |a RU |b 63413507 |c 20220204 |g PSBO | |
| 856 | 4 | |u http://earchive.tpu.ru/bitstream/11683/4820/1/bulletin_tpu-2013-322-5-29.pdf | |
| 942 | |c CF | ||